Общая социология: учебник

Bibliographische Detailangaben
1. Verfasser: Зборовский Г. Е. Гарольд Ефимович
Zusammenfassung:Исключено из фонда НТБ ТПУ
Sprache:Russisch
Veröffentlicht: Москва, Гардарики, 2004
Ausgabe:3-е изд., испр. и доп.
Schriftenreihe:Disciplinae
Format: Buch
KOHA link:https://koha.lib.tpu.ru/cgi-bin/koha/opac-detail.pl?biblionumber=67142

MARC

LEADER 00000nam0a2200000 4500
001 67142
005 20231031073340.0
010 |a 582970174X 
035 |a (RuTPU)RU\TPU\book\71503 
090 |a 67142 
100 |a 20040913d2004 m y0rusy50 ca 
101 0 |a rus 
102 |a RU 
105 |a y j 001zy 
200 1 |a Общая социология  |e учебник  |f Г. Е. Зборовский 
205 |a 3-е изд., испр. и доп. 
210 |a Москва  |c Гардарики  |d 2004 
215 |a 591 с. 
225 1 |a Disciplinae 
320 |a Словарь понятий и терминов: с. 569-578. 
320 |a Библиография: с. 579-586. 
333 |a Исключено из фонда НТБ ТПУ 
686 |a С5я73  |v LBC/SL-A  |2 rubbk 
700 1 |a Зборовский  |b Г. Е.  |g Гарольд Ефимович 
801 1 |a RU  |b 63413507  |c 20040913  |g PSBO 
801 2 |a RU  |b 63413507  |c 20220421  |g PSBO 
942 |c BK 
959 |a 17/20050218  |d 2  |e 107,80  |f АНЛ:1  |f ЧЗГЛ:1